[Event "ch-RUS Rapid 2017"]
[Site "Sochi RUS"]
[Date "2017.10.01"]
[Round "10.24"]
[White "Rjabzev, Konstantin"]
[Black "Kezin, Roman"]
[Result "1/2-1/2"]
[WhiteTitle "IM"]
[BlackTitle "FM"]
[WhiteElo "2270"]
[BlackElo "2455"]
[WhiteFideId "4150015"]
[BlackFideId "24124621"]
[EventDate "2017.09.30"]

1. e4 c5 2. Nf3 e6 3. g3 Nc6 4. Bg2 Nf6 5. d3 d6 6. O-O Be7 7. Re1 O-O 8. d4
cxd4 9. Nxd4 Bd7 10. Nxc6 Bxc6 11. c4 Rc8 12. Nc3 a6 13. Bf4 b5 14. cxb5 axb5
15. a3 Qb6 16. Bxd6 Rfd8 17. e5 Ne8 18. Bxc6 Qxc6 19. Qe2 Bxd6 20. exd6 Nxd6 21.
Rad1 h6 22. h4 Nc4 23. Ne4 f5 24. Nc3 e5 25. b3 Nxa3 26. Rxd8+ Rxd8 27. Qxe5 Nc2
28. Rd1 Rxd1+ 29. Nxd1 Qf3 30. Nc3 Qd3 31. h5 Nd4 32. Qe8+ Kh7 33. Qg6+ Kg8 1/2-1/2

[Event "ch-RUS Rapid 2017"]
[Site "Sochi RUS"]
[Date "2017.10.01"]
[Round "10.25"]
[White "Uzhva, Andrey"]
[Black "Belyakov, Bogdan"]
[Result "0-1"]
[WhiteTitle "FM"]
[BlackTitle "IM"]
[WhiteElo "2270"]
[BlackElo "2486"]
[WhiteFideId "4160797"]
[BlackFideId "24104795"]
[EventDate "2017.09.30"]

1. d4 Nf6 2. Nf3 g6 3. g3 Bg7 4. Bg2 O-O 5. c4 d6 6. Nc3 c5 7. dxc5 dxc5 8. Be3
Qa5 9. Qa4 Qb4 10. Qb5 Nd5 11. Qxb4 Nxb4 12. Rc1 N8a6 13. Nd2 Rb8 14. Nb3 Bf5
15. Nxc5 Nc2+ 16. Rxc2 Bxc2 17. Nxb7 Rbc8 18. Kd2 Bf5 19. Nd5 Rfe8 20. b3 e6 21.
Nc3 Red8+ 22. Nxd8 Rxd8+ 23. Nd5 exd5 24. cxd5 Nb4 25. Rc1 Nxd5 26. Bxd5 Rxd5+
27. Ke1 a5 28. Bd2 h5 29. h4 Bd4 30. e3 Bb2 31. Rc7 Bg4 32. Rc4 Bf3 33. Rf4 Bc3
34. Rxf3 Rxd2 35. Kf1 Rxa2 36. e4 Bd4 37. Kg2 Rb2 38. Kf1 Kf8 39. Kg2 Ke7 40.
Kf1 Ke6 41. Kg2 f6 0-1

[Event "ch-RUS Rapid 2017"]
[Site "Sochi RUS"]
[Date "2017.10.01"]
[Round "10.26"]
[White "Shubin, Kirill"]
[Black "Moskalenko, Alexander"]
[Result "1/2-1/2"]
[WhiteTitle "FM"]
[BlackTitle "IM"]
[WhiteElo "2375"]
[BlackElo "2531"]
[WhiteFideId "34119962"]
[BlackFideId "4155351"]
[EventDate "2017.09.30"]

1. e4 c6 2. d4 d5 3. exd5 cxd5 4. Bd3 Nc6 5. c3 Qc7 6. Ne2 Bg4 7. O-O e6 8. Qe1
Bxe2 9. Qxe2 Bd6 10. g3 h5 11. Bg5 Be7 12. Bf4 Bd6 13. Bg5 Nf6 14. Nd2 O-O-O 15.
f4 Rde8 16. Nf3 Ng4 17. h3 Nh6 18. Rae1 Qd7 19. Ne5 Bxe5 20. fxe5 Nf5 21. Qf3 f6
22. exf6 gxf6 23. Bxf6 Rhf8 24. Bxf5 Rxf6 25. Qxh5 Ref8 26. Bg4 Qd6 27. Qh4
Rxf1+ 28. Rxf1 Rxf1+ 29. Kxf1 Nd8 30. Qg5 Qa6+ 31. Kf2 Qxa2 32. Qd2 a5 33. h4 a4
34. Qe2 Kd7 35. Qb5+ Kc7 36. Bd1 Qb1 37. Qxa4 Qxb2+ 38. Qc2 Qa3 39. h5 Qf8+ 40.
Kg2 Qh6 41. Qe2 Kd7 42. Qb5+ Kc7 43. Qe2 Kd7 44. Qf2 Qc1 45. Ba4+ Ke7 46. Qf4
Qb2+ 47. Kh3 Nf7 48. Qc7+ Kf6 49. Qf4+ Ke7 50. Qc7+ Kf8 51. h6 Nxh6 52. Qd8+ Kg7
53. Qg5+ Kf8 1/2-1/2

[Event "ch-RUS Rapid 2017"]
[Site "Sochi RUS"]
[Date "2017.10.01"]
[Round "10.27"]
[White "Nuristani, Iman"]
[Black "Gochelashvili, David"]
[Result "0-1"]
[BlackTitle "IM"]
[WhiteElo "2058"]
[BlackElo "2432"]
[WhiteFideId "34126268"]
[BlackFideId "4161203"]
[EventDate "2017.09.30"]

1. d4 g6 2. Nc3 Bg7 3. e4 d5 4. exd5 Nf6 5. Bc4 Nbd7 6. Nge2 Nb6 7. Bb3 a5 8. a3
a4 9. Ba2 Nfxd5 10. Nxd5 Nxd5 11. c3 O-O 12. Nf4 Nxf4 13. Bxf4 b6 14. O-O Bb7
15. Re1 Ra5 16. Qe2 e6 17. Rad1 Qd7 18. Qd3 Qc6 19. f3 Rd8 20. Qe3 Ba6 21. Bb1
Bc4 22. Be4 Qd7 23. Rd2 Bd5 24. Bxd5 Rxd5 25. Red1 Qc6 26. Qe2 Bf6 27. Be3 Qd6
28. g3 h5 29. Bf4 Qd7 30. Qe4 Bg7 31. Be3 Qb5 32. Qc2 Qc4 33. Qe4 Kf8 34. h4 Ke8
35. Bg5 R8d7 36. Qe3 Kf8 37. Bh6 Bxh6 38. Qxh6+ Kg8 39. Qe3 Qc6 40. Kg2 Qd6 41.
Kh3 Rd8 42. c4 Rf5 43. f4 c6 44. Qf3 b5 45. cxb5 Rxb5 46. Rc2 c5 47. Rc4 Rb3 48.
Qe2 Qa6 49. Qc2 cxd4 50. Rcxd4 Rxd4 51. Rxd4 Qb5 52. Qd2 Rxb2 53. Rd8+ Kh7 54.
Qd3 Qc6 55. Rh8+ Kxh8 56. Qd4+ Kg8 57. Qxb2 Qh1+ 58. Qh2 Qxh2+ 59. Kxh2 Kf8 60.
Kg2 Ke7 61. Kf3 Kd6 62. Ke4 f6 63. Kd4 e5+ 64. Kc4 exf4 65. gxf4 g5 66. Kd4 0-1

[Event "ch-RUS Rapid 2017"]
[Site "Sochi RUS"]
[Date "2017.10.01"]
[Round "10.28"]
[White "Zvjaginsev, Vadim"]
[Black "Novikov, Konstantin"]
[Result "1-0"]
[WhiteTitle "GM"]
[WhiteElo "2643"]
[BlackElo "2227"]
[WhiteFideId "4113403"]
[BlackFideId "24163554"]
[EventDate "2017.09.30"]

1. e4 d6 2. Nc3 Nf6 3. f4 e5 4. Nf3 Nbd7 5. Bc4 Be7 6. O-O O-O 7. d3 c6 8. fxe5
dxe5 9. a4 Ng4 10. Kh1 Nb6 11. Bb3 Bc5 12. a5 Nd7 13. Qe1 Kh8 14. Bd2 Bd4 15. h3
Ngf6 16. Nxd4 exd4 17. Ne2 Nc5 18. Bg5 Nxb3 19. cxb3 Qd6 20. Bxf6 gxf6 21. Qh4 1-0

[Event "ch-RUS Rapid 2017"]
[Site "Sochi RUS"]
[Date "2017.10.01"]
[Round "11.1"]
[White "Inarkiev, Ernesto"]
[Black "Motylev, Alexander"]
[Result "0-1"]
[WhiteTitle "GM"]
[BlackTitle "GM"]
[WhiteElo "2694"]
[BlackElo "2668"]
[WhiteFideId "4162722"]
[BlackFideId "4121830"]
[EventDate "2017.09.30"]

1. e4 e5 2. Nf3 Nf6 3. Nxe5 d6 4. Nf3 Nxe4 5. d4 d5 6. Bd3 Bd6 7. O-O O-O 8. c4
c6 9. Nc3 Nxc3 10. bxc3 dxc4 11. Bxc4 Bf5 12. Ne5 Bxe5 13. dxe5 Nd7 14. Ba3 Nxe5
15. Bxf8 Nxc4 16. Qxd8 Rxd8 17. Be7 Re8 18. Rad1 f6 19. Rd8 Rxd8 20. Bxd8 Kf7
21. Re1 Be6 22. a4 b6 23. f3 c5 24. Bc7 Ke7 25. Bb8 a5 26. Re2 Kd7 27. h4 Bd5
28. Kf2 Bc6 29. Ra2 b5 30. axb5 Bxb5 31. Bf4 a4 32. Bc1 Kc6 33. g4 Ne5 34. Ba3
Bc4 35. Rd2 Bd5 36. g5 Nc4 37. Ra2 Ne5 38. Rd2 Nc4 39. Ra2 Ne5 40. Rd2 Bb3 41.
Rd8 Nc4 42. Bc1 fxg5 43. hxg5 a3 44. Bxa3 Nxa3 45. Rh8 Bc2 46. Rg8 g6 47. Rg7
Kd5 48. Rxh7 Kc4 49. f4 Nb5 50. Rf7 Nxc3 51. Kf3 Nb5 52. Ke3 Nd4 53. Kd2 Be4 54.
Rf8 Bf5 55. Rb8 Ne6 56. Ra8 Kd4 57. Ra6 Nxf4 58. Rd6+ Nd5 59. Rd8 c4 60. Rf8 c3+
61. Kc1 Ke5 62. Rb8 Kf4 63. Rb5 Be4 64. Rb8 Kxg5 65. Rf8 Kg4 66. Re8 Kf4 67.
Rf8+ Ke3 68. Rc8 g5 69. Rg8 Nf4 0-1

[Event "ch-RUS Rapid 2017"]
[Site "Sochi RUS"]
[Date "2017.10.01"]
[Round "11.2"]
[White "Tomashevsky, Evgeny"]
[Black "Yuffa, Daniil"]
[Result "1/2-1/2"]
[WhiteTitle "GM"]
[BlackTitle "GM"]
[WhiteElo "2710"]
[BlackElo "2527"]
[WhiteFideId "4147235"]
[BlackFideId "24131423"]
[EventDate "2017.09.30"]

1. d4 Nf6 2. Nf3 g6 3. g3 Bg7 4. Bg2 O-O 5. O-O d6 6. b3 c5 7. c4 Nc6 8. Bb2 Ne4
9. e3 Bg4 10. Qc2 Bxf3 11. Bxf3 Ng5 12. Bxc6 bxc6 13. dxc5 Bxb2 14. Qxb2 dxc5
15. Nc3 Qd3 16. Rad1 Qf5 17. Qe2 Rad8 18. h4 Ne4 19. Nxe4 Qxe4 20. Rxd8 Rxd8 21.
Rd1 1/2-1/2

[Event "ch-RUS Rapid 2017"]
[Site "Sochi RUS"]
[Date "2017.10.01"]
[Round "11.3"]
[White "Sjugirov, Sanan"]
[Black "Grachev, Boris"]
[Result "1/2-1/2"]
[WhiteTitle "GM"]
[BlackTitle "GM"]
[WhiteElo "2650"]
[BlackElo "2654"]
[WhiteFideId "4189302"]
[BlackFideId "4129199"]
[EventDate "2017.09.30"]

1. d4 d5 2. c4 e6 3. Nf3 Nf6 4. Nc3 dxc4 5. e4 b5 6. e5 Nd5 7. Nxb5 Nb6 8. Nc3
Nc6 9. Be2 Be7 10. O-O O-O 11. Be3 Bb7 12. Na4 Na5 13. Bd2 Bc6 14. Bxa5 Bxa4 15.
Qd2 Qd5 16. Bb4 Bxb4 17. Qxb4 a5 18. Qc3 Rfd8 19. Rfc1 Bb5 20. Qa3 h6 21. b3 c6
22. bxc4 Nxc4 23. Bxc4 Bxc4 24. Rc2 Qb5 25. Rb2 Qa6 26. Rab1 Bd3 27. Rc1 Be4 28.
Qe3 Bd5 29. Rcb1 Qa7 30. Ne1 Rab8 31. a3 Rxb2 32. Rxb2 Rb8 33. Rxb8+ Qxb8 34.
Qc3 a4 35. f3 Qb1 36. Kf2 Qa2+ 37. Kg3 Bc4 38. Qc1 Qb3 39. h4 Bd5 40. Kh2 Qa2
41. Kg3 Qe2 42. Qc3 Bb3 43. Qc1 Bd1 44. Qc3 Bb3 45. Qc1 g6 46. Qc3 Kg7 47. Qc1
Bd1 48. Qc3 Bb3 49. Qc1 Bd1 50. Qc3 Bb3 51. Qc1 Bd1 1/2-1/2

[Event "ch-RUS Rapid 2017"]
[Site "Sochi RUS"]
[Date "2017.10.01"]
[Round "11.4"]
[White "Andreikin, Dmitry"]
[Black "Savchenko, Boris"]
[Result "0-1"]
[WhiteTitle "GM"]
[BlackTitle "GM"]
[WhiteElo "2708"]
[BlackElo "2581"]
[WhiteFideId "4158814"]
[BlackFideId "4147332"]
[EventDate "2017.09.30"]

1. d4 Nf6 2. Bg5 e6 3. Nd2 h6 4. Bh4 c5 5. c3 cxd4 6. cxd4 Qb6 7. Bxf6 gxf6 8.
Qc2 Nc6 9. e3 d5 10. Ne2 Bd7 11. Nc3 Rc8 12. Be2 f5 13. g3 h5 14. h4 Ne7 15. O-O
Ng8 16. Rfc1 Nf6 17. Qd1 Qxb2 18. Rab1 Qa3 19. Nb5 Rxc1 20. Rxc1 Qa5 21. Nb3 Qb6
22. a4 Bb4 23. a5 Bxa5 24. Nxa5 O-O 25. Nd6 Qxa5 26. Nxb7 Qa4 27. Bxh5 Rb8 28.
Nc5 Qxd1+ 29. Bxd1 Rb2 30. Ra1 Bb5 31. Bf3 Ng4 32. e4 dxe4 33. Nxe4 fxe4 34.
Bxg4 a6 35. Bh3 Rd2 36. Bf1 Rxd4 37. Bxb5 axb5 38. Ra7 Rd1+ 39. Kg2 Rd2 40. Kg1
b4 41. Rb7 Rb2 42. g4 f5 43. g5 f4 44. h5 e3 45. fxe3 fxe3 46. Rb8+ Kg7 47. Rb7+
Kg8 48. Rb8+ Kg7 49. h6+ Kg6 50. Rg8+ Kh7 51. Rg7+ Kh8 52. g6 Rb1+ 53. Kg2 e2
54. Rh7+ Kg8 55. Rg7+ Kh8 56. Rh7+ Kg8 57. Rg7+ Kf8 58. Rf7+ Ke8 59. h7 Rh1 60.
g7 Rg1+ 61. Kf3 Kxf7 62. h8=Q e1=N+ 0-1

[Event "ch-RUS Rapid 2017"]
[Site "Sochi RUS"]
[Date "2017.10.01"]
[Round "11.5"]
[White "Alekseev, Evgeny"]
[Black "Fedoseev, Vladimir3"]
[Result "1/2-1/2"]
[WhiteTitle "GM"]
[BlackTitle "GM"]
[WhiteElo "2622"]
[BlackElo "2731"]
[WhiteFideId "4138147"]
[BlackFideId "24130737"]
[EventDate "2017.09.30"]

1. e4 g6 2. d4 Bg7 3. Nf3 b6 4. Bd3 Bb7 5. O-O e6 6. Re1 d6 7. c3 Ne7 8. Nbd2
Nd7 9. Nf1 O-O 10. Ng3 c5 11. Be3 e5 12. Qd2 exd4 13. cxd4 Nc6 14. Bf1 Nf6 15.
Bh6 d5 16. Bxg7 Kxg7 17. dxc5 dxe4 18. Nxe4 Nxe4 19. Rxe4 bxc5 20. Qc3+ Kg8 21.
Qxc5 Rc8 22. Re3 Qf6 23. Qc3 Qd6 24. a3 h6 25. Rae1 Ba8 26. Rd3 Qf4 27. Qd2 Qxd2
28. Rxd2 a5 29. Re3 Kg7 30. Ne5 Nxe5 31. Rxe5 a4 32. f3 Rc1 33. Kf2 Rb8 34. Bd3
Bc6 35. Re1 Rc5 36. Ree2 Kf6 37. Rc2 Rxc2 38. Rxc2 Bd5 39. Ke3 Bb3 40. Rc5 h5
41. h4 Be6 42. Rb5 Re8 43. Rb6 Kg7 44. Bb5 Re7 45. Kd4 Rc7 46. Rc6 Rb7 47. Rc5
Bb3 48. Kc3 f6 49. Kb4 Kh6 50. Rc6 Kg7 51. Rd6 Rb8 52. Ka5 g5 53. g3 gxh4 54.
gxh4 Kg6 55. Bd3+ Kf7 56. Bb5 Ke7 57. Ra6 Bd1 58. Bxa4 Bxf3 59. b4 f5 60. Ra7+
Kf6 61. Bb3 f4 62. b5 Bb7 63. Bd1 Ke5 64. a4 Kd6 65. Bxh5 Kc5 66. Bd1 f3 67.
Bxf3 Bxf3 68. Rc7+ Kd6 69. Rc3 Bd5 70. Kb4 Rf8 71. h5 Rf4+ 72. Ka5 Rh4 73. Rg3
Rxh5 74. Kb6 Rh8 75. Rg6+ Be6 76. Ka7 Rh7+ 77. Ka6 Kd5 78. Kb6 Bc8 79. Rc6 Rb7+
80. Ka6 Rc7+ 81. Kb6 Rb7+ 82. Ka6 Rc7+ 83. Kb6 1/2-1/2

[Event "ch-RUS Rapid 2017"]
[Site "Sochi RUS"]
[Date "2017.10.01"]
[Round "11.6"]
[White "Jakovenko, Dmitry"]
[Black "Khismatullin, Denis"]
[Result "0-1"]
[WhiteTitle "GM"]
[BlackTitle "GM"]
[WhiteElo "2710"]
[BlackElo "2628"]
[WhiteFideId "4122356"]
[BlackFideId "4142578"]
[EventDate "2017.09.30"]

1. e4 e5 2. Bc4 Nf6 3. d3 Nc6 4. Nf3 Bc5 5. O-O O-O 6. a4 a5 7. Bg5 h6 8. Bh4
Be7 9. Bg3 d6 10. h3 Kh8 11. c3 Nh7 12. Qb3 f5 13. exf5 Bxf5 14. Qxb7 Bd7 15.
Qb3 Rxf3 16. gxf3 Ng5 17. Nd2 Nxh3+ 18. Kg2 Bg5 19. Ne4 Nf4+ 20. Bxf4 Bxf4 21.
Be6 Rb8 22. Qc4 Ne7 23. Bxd7 d5 24. Qc5 Qxd7 25. Ng3 Nf5 26. b4 Nh4+ 27. Kh2 Rb6
28. Rh1 Rg6 29. bxa5 Nxf3+ 30. Kg2 Ng5 31. Qf8+ Kh7 32. Qf5 Qc6 33. Kf1 Qxc3 34.
Re1 Nf3 35. Rd1 Qc2 0-1

[Event "ch-RUS Rapid 2017"]
[Site "Sochi RUS"]
[Date "2017.10.01"]
[Round "11.7"]
[White "Tsydypov, Zhamsaran"]
[Black "Popov, Ivan RUS"]
[Result "0-1"]
[WhiteTitle "IM"]
[BlackTitle "GM"]
[WhiteElo "2529"]
[BlackElo "2599"]
[WhiteFideId "4108566"]
[BlackFideId "4170350"]
[EventDate "2017.09.30"]

1. e4 c6 2. d3 d5 3. Nd2 Nf6 4. Ngf3 Bg4 5. h3 Bh5 6. c3 e6 7. Be2 dxe4 8. dxe4
Bxf3 9. Bxf3 Nbd7 10. O-O Qc7 11. Nc4 Bc5 12. b4 Be7 13. g3 O-O 14. a4 Rfd8 15.
Qc2 b5 16. Na5 Nb6 17. Bf4 Qc8 18. axb5 cxb5 19. Rfc1 a6 20. Be3 Nc4 21. Nxc4
Qxc4 22. Bd4 Rac8 23. Qb1 Qc7 24. e5 Nd7 25. Rxa6 Nxe5 26. Be4 Rxd4 27. Bxh7+
Kh8 28. Be4 Rxb4 29. Qc2 Rc4 30. Qe2 g6 31. Rca1 Bc5 32. Bg2 Rxc3 33. Kh2 Kg7
34. f4 Nc4 35. Rc6 Qd8 36. Rd1 Qf8 37. Ra6 Ne3 38. Rd2 Qe7 39. Be4 Nc4 40. Rd1
Re3 41. Qg2 Rd8 0-1

[Event "ch-RUS Rapid 2017"]
[Site "Sochi RUS"]
[Date "2017.10.01"]
[Round "11.8"]
[White "Alekseenko, Kirill"]
[Black "Potkin, Vladimir"]
[Result "1/2-1/2"]
[WhiteTitle "GM"]
[BlackTitle "GM"]
[WhiteElo "2563"]
[BlackElo "2574"]
[WhiteFideId "4135539"]
[BlackFideId "4131061"]
[EventDate "2017.09.30"]

1. d4 d5 2. Nc3 Nf6 3. Bf4 c5 4. e3 cxd4 5. exd4 a6 6. Nf3 Nc6 7. Ne5 Bd7 8. Be2
e6 9. O-O Qb6 10. Nxc6 Bxc6 11. Rb1 Be7 12. Re1 O-O 13. Bd3 g6 14. Ne2 Bb5 15.
c3 Rfe8 16. Nc1 Bc4 17. Bc2 Rac8 18. Qf3 Qd8 19. a4 a5 20. Nd3 Ne4 21. Ne5 Nd6
22. Ng4 Nf5 23. Be5 Bg5 24. g3 h5 25. Ne3 Nxe3 26. fxe3 f5 27. b3 Ba6 28. c4 Bf6
29. Bxf6 Qxf6 30. Bd3 Kg7 31. Bf1 b6 32. Rbc1 Bb7 33. Bg2 Re7 34. Qf4 e5 35.
dxe5 Qxe5 36. cxd5 Rxc1 37. Rxc1 Bxd5 38. Qxe5+ Rxe5 39. Bxd5 Rxd5 40. Rc6 b5
41. Ra6 b4 42. h4 Rd3 43. Kf2 Rxb3 44. Rxa5 Ra3 45. Ra7+ Kf6 46. a5 b3 47. Rb7
Ke5 48. Ke2 Ke4 49. Rb4+ Kd5 50. Kd3 Kc5 51. Rb8 b2+ 52. Kd2 Ra2 53. Kd3 Ra3+
54. Kd2 Ra2 55. Kd3 Ra3+ 56. Kd2 Rxa5 57. Rxb2 Ra1 58. Ke2 Ra4 1/2-1/2

[Event "ch-RUS Rapid 2017"]
[Site "Sochi RUS"]
[Date "2017.10.01"]
[Round "11.9"]
[White "Rublevsky, Sergei"]
[Black "Kryakvin, Dmitry"]
[Result "1-0"]
[WhiteTitle "GM"]
[BlackTitle "GM"]
[WhiteElo "2683"]
[BlackElo "2583"]
[WhiteFideId "4115309"]
[BlackFideId "4153278"]
[EventDate "2017.09.30"]

1. e4 c5 2. Nf3 d6 3. d4 cxd4 4. Nxd4 Nf6 5. Nc3 Nc6 6. Bc4 e6 7. Be3 Be7 8. Qe2
O-O 9. O-O-O a6 10. Bb3 Qe8 11. Kb1 b5 12. Nxc6 Qxc6 13. Bd4 b4 14. Nd5 exd5 15.
Bxf6 Bxf6 16. Bxd5 Qe8 17. Bxa8 Qe5 18. c4 bxc3 19. Bd5 Be6 20. Bxe6 Qxe6 21.
Rc1 Rb8 22. Rc2 h6 23. Rd1 Rb5 24. f4 Rb4 25. Re1 Bd4 26. Qxa6 cxb2 27. Qc8+ Kh7
28. Qxe6 fxe6 29. f5 exf5 30. exf5 Be5 31. g3 h5 32. Rce2 Rb5 33. Re4 Kh6 34. a4
Rc5 35. Rb4 Kg5 36. Rf1 Rd5 37. h4+ Kf6 38. g4 hxg4 39. Rxg4 Rd3 40. Ka2 Kf7 41.
a5 Rc3 42. Rb1 Rc6 43. Ra4 Ra6 44. Kb3 Kf6 45. Kb4 Rc6 46. a6 Rc1 47. a7 Bc3+
48. Kb3 Rxb1 49. Kxc3 Ra1 50. a8=Q Rxa4 51. Qf8+ Ke5 52. Kxb2 Rg4 53. h5 d5 54.
h6 gxh6 55. f6 Rg2+ 56. Kc1 Rf2 1-0

[Event "ch-RUS Rapid 2017"]
[Site "Sochi RUS"]
[Date "2017.10.01"]
[Round "11.10"]
[White "Bocharov, Dmitry"]
[Black "Levin, Evgeny A."]
[Result "1/2-1/2"]
[WhiteTitle "GM"]
[BlackTitle "GM"]
[WhiteElo "2585"]
[BlackElo "2532"]
[WhiteFideId "4138716"]
[BlackFideId "4182596"]
[EventDate "2017.09.30"]

1. Nf3 Nf6 2. g3 g6 3. b3 Bg7 4. Bb2 b6 5. d4 Bb7 6. c4 e6 7. Bg2 O-O 8. O-O d6
9. Nc3 Ne4 10. Qd3 Nxc3 11. Bxc3 c5 12. Rfd1 Nd7 13. Rac1 Nf6 14. d5 exd5 15.
cxd5 Re8 16. Nd2 a5 17. e4 Ba6 18. Qc2 b5 19. Ba1 Nd7 20. Bxg7 Kxg7 21. Bf1 b4
22. Bxa6 Rxa6 23. Kg2 a4 24. Nc4 Ne5 25. Ne3 Nd7 26. Re1 Kg8 27. Re2 Qe7 28. f3
Rea8 29. Rce1 axb3 30. axb3 Qf6 31. f4 Ra2 32. Qc4 Qc3 33. Kf3 R2a3 34. Qxc3
bxc3 35. Rc1 Rxb3 36. Rec2 Kf8 37. Rxc3 Rxc3 38. Rxc3 Ke7 39. h4 h5 40. Rb3 Ra4
41. Rb7 Ke8 42. Rc7 Rd4 43. Rc6 Ke7 44. e5 dxe5 45. f5 Nf6 46. fxg6 fxg6 47.
Rxc5 Ng4 48. Nxg4 hxg4+ 49. Ke3 Kf6 50. Rc6+ Kf5 51. d6 Rd5 52. Ra6 Rd4 53. Rb6
Rd5 54. Ra6 Rd4 1/2-1/2

[Event "ch-RUS Rapid 2017"]
[Site "Sochi RUS"]
[Date "2017.10.01"]
[Round "11.11"]
[White "Novikov, Maxim"]
[Black "Timofeev, Artyom"]
[Result "1-0"]
[WhiteTitle "GM"]
[BlackTitle "GM"]
[WhiteElo "2501"]
[BlackElo "2549"]
[WhiteFideId "4161289"]
[BlackFideId "4140419"]
[EventDate "2017.09.30"]

1. e4 c5 2. Nf3 Nc6 3. Bb5 e6 4. O-O Nge7 5. d4 cxd4 6. Nxd4 Qb6 7. Bxc6 Nxc6 8.
Nb3 Be7 9. Be3 Qc7 10. c4 O-O 11. Nc3 b6 12. Rc1 Bb7 13. Nb5 Qe5 14. Qxd7 Rab8
15. f3 Rfd8 16. Qc7 Bf6 17. Qxe5 Bxe5 18. c5 bxc5 19. Nxc5 Ba8 20. a4 Bxb2 21.
Rcd1 a5 22. Nd7 Rb7 23. Nc5 Rbb8 24. Na6 Rxd1 25. Rxd1 Rc8 26. Nd6 Rd8 27. Bb6
Rd7 28. Nc5 Re7 29. Kf1 Be5 30. Nc4 Bxh2 31. Nxa5 Re8 32. Nc4 f5 33. a5 fxe4 34.
Nxe4 Nb4 35. Ncd6 Rf8 36. Rb1 Bxd6 37. Nxd6 Na6 38. Bd4 Bd5 39. Rb6 Ra8 40. Kf2
Nc7 41. Bc3 h6 42. Rb4 Kh7 43. Rf4 Ne8 44. Nb5 Nf6 45. Nc7 Rc8 46. Be5 Nd7 47.
Bd6 Nc5 48. Rf7 Kg6 49. Re7 Nb7 50. Nxd5 Nxd6 51. Rxe6+ Kf5 52. Rxd6 Ke5 53. Rd7
Ke6 54. Nb6 1-0

[Event "ch-RUS Rapid 2017"]
[Site "Sochi RUS"]
[Date "2017.10.01"]
[Round "11.12"]
[White "Palchun, Grigory"]
[Black "Kobalia, Mikhail"]
[Result "0-1"]
[BlackTitle "GM"]
[WhiteElo "2441"]
[BlackElo "2596"]
[WhiteFideId "24147338"]
[BlackFideId "4119150"]
[EventDate "2017.09.30"]

1. d4 f5 2. Nf3 Nf6 3. Bf4 d6 4. h3 e6 5. e3 Be7 6. Be2 O-O 7. c4 Ne4 8. Qc2 Nd7
9. Nbd2 Nxd2 10. Qxd2 b6 11. g4 Bb7 12. gxf5 Rxf5 13. Rg1 e5 14. dxe5 dxe5 15.
Bh6 g6 16. O-O-O Nc5 17. Qc2 Qc8 18. Nxe5 Be4 19. Qc3 Bf6 20. f4 Qe8 21. h4 Qa4
22. Bd3 Nxd3+ 23. Rxd3 Qxa2 24. Qd4 Qa1+ 25. Kd2 Qa5+ 26. Ke2 Rxe5 27. fxe5
Bxd3+ 28. Qxd3 Qxe5 29. Bf4 Qh5+ 30. Kf2 Bxh4+ 31. Kg2 Rd8 0-1

[Event "ch-RUS Rapid 2017"]
[Site "Sochi RUS"]
[Date "2017.10.01"]
[Round "11.13"]
[White "Vastrukhin, Oleg"]
[Black "Artemiev, Vladislav"]
[Result "1/2-1/2"]
[BlackTitle "GM"]
[WhiteElo "2386"]
[BlackElo "2692"]
[WhiteFideId "4192770"]
[BlackFideId "24101605"]
[EventDate "2017.09.30"]

1. Nf3 d5 2. g3 g6 3. Bg2 Bg7 4. d4 Nf6 5. O-O O-O 6. Nbd2 a5 7. c4 Nc6 8. b3 a4
9. bxa4 dxc4 10. Nxc4 Be6 11. Nce5 Nxe5 12. Nxe5 Bd5 13. e3 Bxg2 14. Kxg2 Qd5+
15. Kg1 Ne4 16. Qb3 Rfd8 17. f3 Nc5 18. Qxd5 Rxd5 19. Ba3 Nxa4 20. f4 c5 21.
Rfc1 cxd4 22. exd4 e6 23. Rab1 b5 24. Rc7 Rxd4 25. Rxb5 Rd1+ 26. Kg2 Rd2+ 27.
Kh3 Rxa2 28. Bd6 Rb2 29. Rxb2 Nxb2 30. Nxf7 Nd3 31. Ng5 Re8 32. Rd7 h6 33. Nf3
Ra8 34. Nh4 g5 35. fxg5 hxg5 36. Nf3 Nf2+ 37. Kg2 Ne4 38. Be5 Ra2+ 39. Kg1 Bf8
40. h4 gxh4 41. gxh4 Bc5+ 42. Bd4 Nd2 43. Rd8+ Bf8 44. Ng5 Ra4 45. Bc5 Rxh4 46.
Rxf8+ Kg7 47. Nxe6+ Kg6 48. Kg2 Re4 49. Nf4+ Kg7 50. Nh5+ Kg6 51. Ng3 Rc4 52.
Be3 Ne4 53. Ne2 Rc2 54. Kf3 Ng5+ 55. Bxg5 Kxg5 56. Ra8 Kf6 57. Ra5 Rc4 58. Ng3
Rc3+ 59. Kf4 Ke6 60. Ne4 Rc1 61. Ra6+ Ke7 62. Ke5 Re1 63. Ra7+ Ke8 64. Kd5 Re2
65. Nd6+ Kd8 66. Nf7+ Ke8 67. Ne5 Rb2 68. Kd6 Rb6+ 69. Nc6 Rb1 70. Ke6 Re1+ 71.
Ne5 Kd8 1/2-1/2

[Event "ch-RUS Rapid 2017"]
[Site "Sochi RUS"]
[Date "2017.10.01"]
[Round "11.15"]
[White "Belyakov, Bogdan"]
[Black "Pridorozhni, Aleksei"]
[Result "1/2-1/2"]
[WhiteTitle "IM"]
[BlackTitle "GM"]
[WhiteElo "2486"]
[BlackElo "2565"]
[WhiteFideId "24104795"]
[BlackFideId "4127870"]
[EventDate "2017.09.30"]

1. e4 c5 2. Nf3 e6 3. d4 cxd4 4. Nxd4 Nf6 5. Bd3 Qb6 6. Nb3 Qc7 7. c4 Nc6 8. Nc3
a6 9. O-O Ne5 10. f4 Nxd3 11. Qxd3 d6 12. Kh1 Be7 13. Be3 O-O 14. Nd4 Bd7 15. b3
Rac8 16. Rac1 Qb8 17. Nf3 Rfd8 18. Bd4 b5 19. cxb5 Bxb5 20. Nxb5 Qxb5 21. Qxb5
axb5 22. Bxf6 Bxf6 23. Rfd1 h6 24. g3 Rxc1 25. Rxc1 g5 26. fxg5 hxg5 27. g4 Ra8
28. Rc2 Kf8 29. Kg2 Ke8 30. Rd2 Ke7 31. Rc2 Kd7 32. Rd2 Kc6 33. Rc2+ Kb6 34. Rf2
Ra7 35. Rc2 Rd7 36. Kf2 Rd8 37. Ke3 d5 38. exd5 Rxd5 39. Ke4 Be7 40. Rd2 Kc5 1/2-1/2

[Event "ch-RUS Rapid 2017"]
[Site "Sochi RUS"]
[Date "2017.10.01"]
[Round "11.16"]
[White "Gochelashvili, David"]
[Black "Sakaev, Konstantin"]
[Result "0-1"]
[WhiteTitle "IM"]
[BlackTitle "GM"]
[WhiteElo "2432"]
[BlackElo "2594"]
[WhiteFideId "4161203"]
[BlackFideId "4104226"]
[EventDate "2017.09.30"]

1. Nf3 Nf6 2. c4 e6 3. b3 d5 4. Bb2 Be7 5. g3 O-O 6. Bg2 b6 7. O-O Bb7 8. cxd5
exd5 9. d4 Na6 10. Nc3 Re8 11. e3 c5 12. Re1 Nc7 13. Re2 Bf8 14. dxc5 bxc5 15.
Rd2 Qe7 16. Rc1 Rad8 17. Ba3 Ne6 18. Nh4 d4 19. Nf5 Qd7 20. Bxb7 Qxb7 21. exd4
cxd4 22. Nb1 Ng5 23. h3 Nf3+ 0-1

[Event "ch-RUS Rapid 2017"]
[Site "Sochi RUS"]
[Date "2017.10.01"]
[Round "11.17"]
[White "Rakhmanov, Aleksandr"]
[Black "Potapov, Pavel"]
[Result "1-0"]
[WhiteTitle "GM"]
[BlackTitle "GM"]
[WhiteElo "2669"]
[BlackElo "2479"]
[WhiteFideId "4173708"]
[BlackFideId "4169786"]
[EventDate "2017.09.30"]

1. d4 f5 2. Bf4 Nf6 3. e3 e6 4. Be2 Be7 5. h3 O-O 6. Nf3 d5 7. Nbd2 Ne4 8. O-O
Nd7 9. c4 c6 10. Rb1 Nxd2 11. Qxd2 Nf6 12. b4 Ne4 13. Qc2 Bd7 14. b5 cxb5 15. c5
Qa5 16. Rfc1 Bc6 17. Rb2 a6 18. Ne5 Bf6 19. f3 Ng5 20. a4 Bxe5 21. Bxe5 Nf7 22.
Bg3 Rfe8 23. Rcb1 e5 24. axb5 axb5 25. Qxf5 Qc3 26. Qd3 Ra3 27. Qxc3 Rxc3 28.
Kf2 exd4 29. exd4 Nh6 30. Bf4 Nf5 31. Rd2 Ne3 32. Bxe3 Rexe3 33. Bxb5 Rb3 34.
Rxb3 Rxb3 35. Bd3 g6 36. h4 Kf7 37. g4 b6 38. cxb6 Rxb6 39. Ke3 Rb3 40. Kf4 Kf6
41. g5+ Ke6 42. h5 Be8 43. h6 Bb5 44. Bxg6 1-0